00517nam a22001817a 450000500170000001000150001702000260003203500140005803700130007208200130008510000130009824500570011126000380016827000550020630000270026150000280028870000190031620180502110200.0 aENG-122846 a9789386702258c350.00 aEN-106378 bDBAD/PUB a599.7554 aJonathan aThe leopard's tale /cby Jonathan [and] Angela Scott aNew Delhi bSpeaking Tiger c2017 a4381/4, Ansari Road, Daryaganj,bNew Delhie110002 a228p.c21cm(pbk)bill. aIt include bibliography aScott, Angela